000 00299nam a22001217a 4500
008 160512b xxu||||| |||| 00| 0 eng d
020 _a036389003950
020 _a0812881834
041 _aeng
080 _a616.12
245 _aBypassing bypass:
_cElmer Cranton M.D; Arline Brecher;
942 _2udc
_cBK
999 _c2138
_d2138